00587 2200169 4500245003600000020002200036250001100058100001600069650002000085005001900105260004200124041001400166084000800180300002300188500019700211336000900408 aImpian MoiracDewie SekarhText a978-979-22-1660-8 aCet. 2 aDewie Sekar aNovel Indonesia a20231004094802 aJakartabGramedia Pustaka Utamac2007 aIndonesia a813 a216 hlm. :c20 cm. aSejak memergoki ayahnya punya istri simpanan dan ibunya memilih cerai. Moira merasa seluruh dunia memusuhinya. Akibatnya,Moira memutuskan balik mememushi selisi dunia, kecuali cokelat batanga. atext